| 000 | 00876nac a22002291u 4500 | ||
|---|---|---|---|
| 090 | _c581 | ||
| 008 | 090202t xxu||||| |||| 00| 0 eng d | ||
| 010 | _a99031049 | ||
| 020 | _a8178082993 | ||
| 082 | 0 | 0 |
_a005.74 _bGAR |
| 100 | _aGarcia-Molina, Hector. | ||
| 245 | 1 | 0 |
_aDatabase system implementation / _cHector Garcia-Molina, Jeffrey D. Ullman, Jennifer Widom. |
| 250 | _bLow price edition | ||
| 260 |
_aNew Delhi : _bPrentice Hall, _cc2003. |
||
| 300 |
_axv, 653 p. : _bill. ; _c25 cm. |
||
| 504 | _aIncludes bibliographical references and index. | ||
| 650 | 0 | _aDatabase management. | |
| 700 | 1 |
_aUllman, Jeffrey D., _d1942- |
|
| 700 | 1 | _aWidom, Jennifer. | |
| 942 |
_cBB _k005.74GAR _2ddc |
||
| 999 |
_c581 _d581 |
||